Catholic University of Zimbabwe Library
Online Public Access Catalogue
(OPAC)

A glossary of literary terms (Record no. 15355)

MARC details
000 -LEADER
fixed length control field 00464nam a2200157Ia 4500
008 - FIXED-LENGTH DATA ELEMENTS--GENERAL INFORMATION
fixed length control field 191206s9999 xx 000 0 und d
020 ## - INTERNATIONAL STANDARD BOOK NUMBER
International Standard Book Number 9.7873E+12
090 ## -
-- PN41.A184
245 #2 - TITLE STATEMENT
Title A glossary of literary terms
250 ## - EDITION STATEMENT
Edition statement Di 1 ban.
260 ## - PUBLICATION, DISTRIBUTION, ETC.
Place of publication, distribution, etc. Beijing shi fan da xue chu ban she
260 ## - PUBLICATION, DISTRIBUTION, ETC.
Name of publisher, distributor, etc. Shandong Sheng she hui ke xue gui hua yan jiu xiang mu wen cong
260 ## - PUBLICATION, DISTRIBUTION, ETC.
Date of publication, distribution, etc. c2011
300 ## - PHYSICAL DESCRIPTION
Extent "2, 21, 519 p. ; 25 cm."
Holdings
Withdrawn status Lost status Source of classification or shelving scheme Damaged status Not for loan Home library Current library Date acquired Total Checkouts Full call number Barcode Date last seen Price effective from Koha item type
          CUZ Bulawayo Campus CUZ Bulawayo Campus 06.12.2019   PN41.A184 BBK000027 03.04.2025 06.12.2019 OS Book

OPENING HOURS

Weekdays: 0815hrs - 1800hrs
Weekends:0900hrs - 1200hrs

Closed for Mass:

Mon, Thur: 1200hrs - 1300hrs
Sunday & Public Holiday’s

CALL SUPPORT

0242-570570, 0242-570169
09200664, +263 8644140602

LOCATION

18443, Cranborne Avenue, Hatfield, Harare

Other Links


©2021 | CUZ Library